000
00333nam a22001457a 4500
008
210426b ||||| |||| 00| 0 eng d
020
_a
9780070223370
041
_a
eng
080
_2
11th
_a
72
082
_a
72
100
_a
41
101
_a
ARK
245
_a
Mechanical Drawing CAD-Communications
_c
French,Th.E
942
_2
udc
_c
BK
999
_c
56759
_d
56759